000 00868nam a2200229 4500
001 41498
003 BD-RjUL
005 20211209053410.0
008 160531s1971 i a|||| |||| 00| f ben d
020 _cIRs. 7.50
035 _a(BD-RjUL)41616
040 _aBD-RjUL
_bben
_cBD-RjUL
_dBD-RjUL
041 _aben
082 _223
_a891.443
_bBAA 1971
100 _aবন্দ্যোপাধ্যায়, বিভূতিভূষণ
_9126072
245 1 0 _aআরণ্যক /
_cবিভূতিভূষণ বন্দ্যোপাধ্যায়
260 _aকলিকাতা :
_bমিত্র ও ঘোষ,
_c১৯৭১ (১৩৭৮)
300 _a[৬], ২৪০ পৃ. :
_bচিত্র ;
_c২৩ সেমি.
650 _aবাংলা উপন্যাস
_9127539
650 _aBengali Fiction
_9127540
942 _2ddc
_cBK
_01
999 _c41498
_d41498